000
00423nam a2200133Ia 4500
008
100328s9999 xx 000 0 und d
082
_b
36357
100
_a
सत्यपाल
245
_a
इन्साफ का सौदा
260
_b
डायमंड पॉकेट बुक्स
630
_a
इन्साफ का सौदा
730
_a
इन्साफ का सौदा
942
_c
BOOK
999
_c
526045
_d
526042